Slow-Fast Dynamics in Wonderland
Enregistré dans:
| Format: | Livre |
|---|---|
| Langue: | anglais |
| Publié: |
Laxenburg
International Institute for Applied Systems Analysis
1996
|
| Édition: | 1. ed. |
| Collection: | RR-96-20
|
| Sujets: | |
| Tags: |
Pas de tags, Soyez le premier à ajouter un tag!
|
MARC
| LEADER | 00000nam a2200000 4500 | ||
|---|---|---|---|
| 001 | c019205 | ||
| 005 | 20221214071813.7 | ||
| 041 | 0 | |a eng | |
| 044 | |a AT | ||
| 245 | 1 | 0 | |a Slow-Fast Dynamics in Wonderland |
| 250 | |a 1. ed. | ||
| 264 | 1 | |a Laxenburg |b International Institute for Applied Systems Analysis |c 1996 | |
| 300 | |a 17 s. | ||
| 490 | 1 | |a RR-96-20 | |
| 830 | 0 | |a RR-96-20 | |
| 500 | |a Reprinted from Environmental Modeling and Assessment, Vol. 1, 2 (1996) pp. 3-17 [ISSN 1420-2026] | ||
| 610 | 2 | 0 | |a krajiny vyspelé |
| 610 | 2 | 0 | |a rast hospodársky |
| 610 | 2 | 0 | |a teória modelov ekonomicko-matematických |